Southville International School and Colleges
Your cart is empty.
  • Cart
  • Lists
    Public lists Eva Luna New books Lux_list list_1
    Your lists Log in to create your own lists
  • Log in to your account
  • Your cookies
  • Search history
Southville International School and Colleges
  • Advanced search
  • Recent comments
  • Most popular
  • Libraries

Log in to your account

Log in with GOOGLE


If you do not have an external account, but do have a local account, you can still log in:

  1. Home
  2. MARC view: Extremely weird frogs /
Normal view MARC view ISBD view

Extremely weird frogs / (Record no. 104859)

[ view plain ]
MARC details
000 -LEADER
fixed length control field 00483nam a2200169 a 4500
005 - DATE AND TIME OF LATEST TRANSACTION
control field 20140412111330.0
008 - FIXED-LENGTH DATA ELEMENTS--GENERAL INFORMATION
fixed length control field 030110s19uu xx 00 eng d
020 ## - INTERNATIONAL STANDARD BOOK NUMBER
International Standard Book Number 1-56261-169-0
050 ## - LIBRARY OF CONGRESS CALL NUMBER
Classification number M 597.8
Item number L68 1991
100 ## - MAIN ENTRY--PERSONAL NAME
Personal name Lovett, Sarah
245 ## - TITLE STATEMENT
Title Extremely weird frogs /
Statement of responsibility, etc text by Sarah Lovett.
260 ## - PUBLICATION, DISTRIBUTION, ETC. (IMPRINT)
Place of publication, distribution, etc Santa Fe, New Mexico :
Name of publisher, distributor, etc John Muir Publications,
Date of publication, distribution, etc 1991.
300 ## - PHYSICAL DESCRIPTION
Extent 47 p. ; ill.
650 ## - SUBJECT ADDED ENTRY--TOPICAL TERM
Topical term or geographic name as entry element Frogs--Juvenile literature
650 ## - SUBJECT ADDED ENTRY--TOPICAL TERM
Topical term or geographic name as entry element Frogs
Holdings
Withdrawn status Lost status Damaged status Use restrictions Home library Current library Shelving location Date acquired Source of acquisition Cost, normal purchase price Total Checkouts Full call number Barcode Date last seen Price effective from Koha item type
        Elizalde Library Elizalde Library Main Section 01/10/2003   350.00   M 597.8 L68 1991 E8847 04/12/2014 04/12/2014 Books

Extremely weird frogs /

APA

Lovett S., . (1991). Extremely weird frogs. Santa Fe, New Mexico: John Muir Publications.

Chicago

Lovett Sarah, . 1991. Extremely weird frogs. Santa Fe, New Mexico: John Muir Publications.

Harvard

Lovett S., . (1991). Extremely weird frogs. Santa Fe, New Mexico: John Muir Publications.

MLA

Lovett Sarah, . Extremely weird frogs. Santa Fe, New Mexico: John Muir Publications. 1991.

  • Place hold
  • Print
  • Cite
  • Add to your cart (remove)
  • Save record
    BIBTEX Dublin Core MARCXML MARC (non-Unicode/MARC-8) MARC (Unicode/UTF-8) MARC (Unicode/UTF-8, Standard) MODS (XML) RIS
  • More searches
    Search for this title in:
    Other Libraries (WorldCat) Other Databases (Google Scholar) Online Stores (Bookfinder.com) Open Library (openlibrary.org)

Exporting to Dublin Core...

SOUTHVILLE LIBRARY

Southville International School and Colleges Library

1281 Tropical Ave. Cor. Luxembourg St., BF Homes International, Las Pinas City

Tel. No. 8256374 / 252358 Loc. 117/146

Powered by Koha